Statistics for Canine or Feline

Click here to take the quiz!

General Stats

  • This quiz has been taken 929 times
    (920 since last reset)
  • The average score is 12 of 12

Answer Stats

QuestionAnswer% Correct
DogCanine
100%
DingoCanine
99%
WolfCanine
99%
CatFeline
99%
LionFeline
99%
TigerFeline
99%
CoyoteCanine
98%
CougarFeline
98%
Mountain LionFeline
96%
OcelotFeline
94%
JackalCanine
90%
FoxCanine
90%

Score Distribution

Percentile by Number Answered

Percent of People with Each Score

Your Score History

You have not taken this quiz since the last reset